| 000 | 00629nam a2200193Ia 4500 | ||
|---|---|---|---|
| 008 | 151121s9999||||xx |||||||||||||| ||und|| | ||
| 082 | _a813/प्रभुदे | ||
| 082 | _bHNW-46852 | ||
| 100 | _aप्रभुदेसाई बाळकृष्ण | ||
| 245 | _aनायक | ||
| 260 | _b"मानसन्मान प्रकाशन, पुणे।" | ||
| 260 | _c-- | ||
| 300 | _a132 | ||
| 600 | _aप्रभुदेसाई बाळकृष्ण | ||
| 630 | _aनायक | ||
| 700 | _aप्रभुदेसाई बाळकृष्ण | ||
| 730 | _aनायक | ||
| 942 | _cBOOK | ||
| 999 |
_c1233228 _d1233225 |
||